Potrebuje dieťa vitamínové doplnky?

Bibliographic Details
Format: Article
Language:Slovak
Subjects:

MARC

LEADER 00000nab a2200000 a 4500
001 vtls008418024
003 SK-MaSNL
005 20260303070038.0
008 140303c2005 xo wrzp 0 0slo
015 |a SNBRB2005/11  |2 snkbucl 
040 |a SNKBUCL  |b slo  |c SNKBUCL  |e AACR2 
041 0 |a slo 
044 |a xo  |c SK 
080 |a 613.2-053.2:615.35  |2 1997 
080 |a 615.35  |2 1997 
245 0 0 |a Potrebuje dieťa vitamínové doplnky?  |c [spracoval] (jen) 
300 |b Fotogr. 
650 0 7 |a vitamíny  |2 snkbucl  |9 2616 
650 0 7 |a výživa detská  |2 snkbucl  |9 284210 
773 0 |t Zdravotnícke noviny  |g Roč. X, č. 33 (2005)  |x 1335-4477 
773 0 8 |t Lekárske listy  |g Č. 33 (2005), s. 13 
852 |a SNK  |b KIS3GCP 
958 |a ME  |2 snkbucl 
999 |c 1753683  |d 1755613